[Event "European Rapid 2014"]
[Site "Wroclaw POL"]
[Date "2014.12.20"]
[Round "6.4"]
[White "Navara, David"]
[Black "Aleksandrov, Aleksej"]
[Result "1/2-1/2"]
[WhiteTitle "GM"]
[BlackTitle "GM"]
[WhiteElo "2727"]
[BlackElo "2593"]
[WhiteFideId "309095"]
[BlackFideId "13500139"]
[EventDate "2014.12.20"]

1. c4 e6 2. d4 d5 3. Nc3 Bb4 4. e3 Nf6 5. a3 Bxc3+ 6. bxc3 c5 7. cxd5 exd5 8.
Bd3 O-O 9. Ne2 b6 10. O-O Re8 11. Ng3 Ba6 12. f3 Bxd3 13. Qxd3 Nc6 14. Bb2 c4
15. Qe2 h5 16. Rae1 h4 17. Nf5 Ne7 18. Nxh4 g5 19. e4 gxh4 20. Bc1 Qd7 21. Bg5
Nh7 22. Bxh4 Ng6 23. Bg3 f6 24. Qc2 dxe4 25. fxe4 Kg7 26. Re3 Re7 27. Qe2 Rae8
28. h4 Qc6 29. e5 fxe5 30. h5 exd4 31. Rxe7+ Rxe7 32. Qf2 Ne5 33. Re1 Qf6 34.
Qxf6+ Nxf6 35. Rxe5 Rxe5 36. Bxe5 d3 37. Kf2 Kf7 38. Bxf6 1/2-1/2

[Event "European Rapid 2014"]
[Site "Wroclaw POL"]
[Date "2014.12.20"]
[Round "6.5"]
[White "Swiercz, Dariusz"]
[Black "Tomczak, Jacek"]
[Result "0-1"]
[WhiteTitle "GM"]
[BlackTitle "GM"]
[WhiteElo "2616"]
[BlackElo "2561"]
[WhiteFideId "1126881"]
[BlackFideId "1124668"]
[EventDate "2014.12.20"]

1. d4 Nf6 2. c4 g6 3. f3 d5 4. cxd5 c6 5. dxc6 Nxc6 6. e3 e5 7. dxe5 Qa5+ 8. Nc3
Qxe5 9. e4 Bc5 10. Bh6 Be6 11. Bb5 Rd8 12. Qc2 Bxg1 13. Rxg1 Qxh2 14. Be3 O-O
15. Bxc6 bxc6 16. Ne2 Nd7 17. O-O-O Qc7 18. Nd4 Bxa2 19. b3 c5 20. Kb2 Rb8 21.
Kxa2 Qa5+ 22. Kb2 cxd4 23. Bxd4 Rfc8 24. Bc3 Qb6 25. Rh1 Nc5 26. b4 Qc6 27. Ra1
Nxe4 28. Rhc1 Nxc3 29. Qxc3 Qxc3+ 30. Rxc3 Rxb4+ 31. Kc2 Rxc3+ 32. Kxc3 Rb7 33.
Kd4 Kg7 34. Ke5 h5 35. Ra6 Re7+ 36. Kf4 Kf8 37. Kg5 Kg7 38. g4 hxg4 39. Kxg4 Kf8
40. f4 Ke8 41. f5 gxf5+ 42. Kxf5 Kd8 43. Kf6 Rb7 44. Ra1 Kc8 45. Ra2 Kd8 46. Ra1
Ke8 47. Re1+ Kf8 48. Rc1 Rb6+ 49. Kf5 a5 50. Rc8+ Kg7 51. Ra8 Rb5+ 52. Kf4 Kg6
53. Ke4 f5+ 54. Kd4 Kg5 55. Kc4 Re5 56. Kd3 Kf4 57. Ra7 Kf3 58. Rh7 f4 59. Rf7
a4 60. Ra7 a3 61. Kd2 Re2+ 62. Kd3 Re3+ 63. Kd2 Kf2 64. Rh7 Re2+ 65. Kd3 f3 66.
Rf7 a2 67. Ra7 Kf1 68. Rh7 Kg1 69. Ra7 Rg2 70. Ke3 f2 71. Rxa2 f1=Q 0-1

[Event "European Rapid 2014"]
[Site "Wroclaw POL"]
[Date "2014.12.20"]
[Round "6.6"]
[White "Duda, Jan-Krzysztof"]
[Black "Vitiugov, Nikita"]
[Result "1-0"]
[WhiteTitle "GM"]
[BlackTitle "GM"]
[WhiteElo "2603"]
[BlackElo "2738"]
[WhiteFideId "1170546"]
[BlackFideId "4152956"]
[EventDate "2014.12.20"]

1. e4 e6 2. d4 d5 3. Nc3 Bb4 4. e5 c5 5. a3 Bxc3+ 6. bxc3 Ne7 7. Qg4 cxd4 8.
Qxg7 Rg8 9. Qxh7 Qc7 10. Ne2 dxc3 11. f4 Bd7 12. Qd3 Nbc6 13. Be3 Na5 14. g3 Nf5
15. Bf2 Nc4 16. Bh3 d4 17. Bxf5 exf5 18. Bxd4 O-O-O 19. Qxc3 b6 20. Kf2 Kb8 21.
a4 Rc8 22. Rhb1 Ka8 23. Rb4 Be6 24. Qf3+ Qc6 25. Qxc6+ Rxc6 26. c3 Na5 27. Be3
Kb7 28. Rd1 Rc4 29. h4 Ka6 30. Rd6 Nb7 31. Rdxb6+ axb6 32. Rxb6+ Ka5 33. Rxb7
Ra8 34. Nd4 Ka6 35. Rb4 Rxc3 36. Nxe6 fxe6 37. Rb6+ Ka5 38. Rxe6 Kxa4 39. Rd6
Kb5 40. e6 Rc6 41. Rd5+ Kc4 42. Rxf5 Rxe6 43. Rc5+ Kd3 44. Rd5+ Ke4 45. Rd4+ Kf5
46. Kf3 Rg8 47. g4+ Kf6 48. f5 Ra6 49. Kf4 Ra1 50. g5+ Ke7 51. Re4+ Kd6 52. g6
Rf1+ 53. Kg5 Kd5 54. Rf4 Re1 55. Bf2 1-0

[Event "European Rapid 2014"]
[Site "Wroclaw POL"]
[Date "2014.12.20"]
[Round "6.7"]
[White "Deviatkin, Andrei"]
[Black "Riazantsev, Alexander"]
[Result "1/2-1/2"]
[WhiteTitle "GM"]
[BlackTitle "GM"]
[WhiteElo "2528"]
[BlackElo "2684"]
[WhiteFideId "4121260"]
[BlackFideId "4125029"]
[EventDate "2014.12.20"]

1. d4 Nf6 2. Nf3 d5 3. c4 e6 4. Bg5 h6 5. Bxf6 Qxf6 6. Nbd2 c6 7. g3 g6 8. Bg2
Bg7 9. O-O O-O 10. b4 Nd7 11. e3 b6 12. Qc2 Bb7 13. Rfc1 Qe7 14. Rab1 Rfd8 15.
a4 Rac8 16. Qb3 Rb8 17. cxd5 cxd5 18. b5 Rbc8 19. Qb2 Bf8 20. Ra1 Qb4 21. Qxb4
Bxb4 22. Nb3 f6 23. Rxc8 Rxc8 24. Rc1 a5 25. Rxc8+ Bxc8 26. Kf1 Kf7 27. Ne1 g5
28. Nd3 Bd6 29. f4 Bb7 30. Ke2 Nf8 31. Nd2 Ng6 32. Nb1 gxf4 33. gxf4 e5 34. fxe5
fxe5 35. dxe5 Nxe5 36. Nc3 Nxd3 37. Kxd3 Ke6 38. h4 Ke5 39. Ne2 Bc8 40. Nd4 Bc5
41. Nc6+ Kd6 42. Nd4 Bg4 43. Bf3 Bh3 44. Bh5 Bb4 45. Be2 Be1 46. h5 Kc5 47. Bf3
Bf1+ 48. Be2 Bg2 49. Bf3 Bh3 50. Be2 Bg3 51. Nc6 Bf5+ 52. Kd2 Bh4 53. Bd3 Bg4
54. Bg6 Bg3 55. Bf7 Bf5 56. Nd4 Be4 57. Bg6 Kb4 58. Bxe4 dxe4 59. Nf5 Be5 60.
Nxh6 Kxa4 61. Nf7 Ba1 62. Kc2 Kxb5 63. Nd6+ Kb4 64. Nxe4 a4 65. Kb1 Bh8 66. Ka2
b5 67. Nd6 Ka5 68. h6 b4 69. e4 Bd4 70. h7 b3+ 71. Ka3 Bc5+ 72. Kb2 Bd4+ 73. Ka3
Bc5+ 1/2-1/2

[Event "European Rapid 2014"]
[Site "Wroclaw POL"]
[Date "2014.12.20"]
[Round "6.8"]
[White "Efimenko, Zahar"]
[Black "Kempinski, Robert"]
[Result "1/2-1/2"]
[WhiteTitle "GM"]
[BlackTitle "GM"]
[WhiteElo "2643"]
[BlackElo "2626"]
[WhiteFideId "14107201"]
[BlackFideId "1105663"]
[EventDate "2014.12.20"]

1. e4 c5 2. Nf3 d6 3. d4 cxd4 4. Nxd4 Nf6 5. Nc3 a6 6. a4 e6 7. Be2 Be7 8. O-O
Nc6 9. Nxc6 bxc6 10. Qd3 O-O 11. Qg3 Nd7 12. Be3 Rb8 13. Rab1 Rb4 14. Rfd1 d5
15. b3 Bh4 16. Qh3 Bf6 17. Bd2 Nc5 18. Bg4 Rd4 19. exd5 exd5 20. Bxc8 Qxc8 21.
Qxc8 Rxc8 22. Ne2 Re4 23. Ng3 Ree8 24. Kf1 g6 25. Be3 Ne6 26. Ne2 Be5 27. g3 f5
28. c4 Red8 29. Bb6 Rd6 30. a5 g5 31. Nc1 Bf6 32. b4 Kf7 33. Nb3 Be7 34. Nc5
Nxc5 35. Bxc5 Rd7 36. cxd5 Rxd5 37. Rxd5 cxd5 38. Bxe7 Kxe7 39. b5 axb5 40. Rxb5
Kd6 41. Rb1 Ra8 42. Ra1 Kc6 43. Ke2 Re8+ 44. Kd3 Kb7 45. a6+ Ka7 46. Ra5 Re5 47.
h3 g4 48. h4 f4 49. gxf4 Rf5 50. Ra4 Rh5 51. Ke3 Rxh4 52. f5 Rh3+ 53. Kf4 Rf3+
54. Kxg4 Rxf2 55. Kg5 Rd2 56. f6 d4 57. Kh6 Rf2 58. Kg7 d3 59. f7 d2 60. Rd4
Rg2+ 61. Kxh7 Rf2 62. Kg7 Rg2+ 63. Kf6 Rf2+ 64. Ke7 Re2+ 65. Kd8 Rf2 66. Ke7
Re2+ 67. Kd6 Rf2 68. Ke7 Re2+ 69. Kd8 Rf2 70. Ke7 1/2-1/2

[Event "European Rapid 2014"]
[Site "Wroclaw POL"]
[Date "2014.12.20"]
[Round "6.9"]
[White "Vallejo Pons, Francisco"]
[Black "Chigaev, Maksim"]
[Result "1/2-1/2"]
[WhiteTitle "GM"]
[BlackTitle "IM"]
[WhiteElo "2705"]
[BlackElo "2494"]
[WhiteFideId "2205530"]
[BlackFideId "4108116"]
[EventDate "2014.12.20"]

1. e4 c5 2. Ne2 Nc6 3. d4 cxd4 4. Nxd4 Nf6 5. Nc3 d6 6. Bg5 Bd7 7. Qd2 Rc8 8.
Nxc6 Bxc6 9. f3 a6 10. Bxf6 gxf6 11. Bc4 e6 12. Bb3 h5 13. O-O-O Be7 14. Kb1 b5
15. a3 Qb6 16. Rhe1 a5 17. Re3 b4 18. axb4 Qxb4 19. Na4 Qxd2 20. Rxd2 Bb5 21.
Nc3 Bd7 22. Red3 h4 23. Ba4 Rh5 24. Rd4 Kd8 25. Bxd7 Kxd7 26. Na4 Rb8 27. Rc4
Rb4 28. Rc5 Rg5 29. Rxg5 fxg5 30. b3 Kc6 31. h3 Bf6 32. Rd3 Be5 33. Kc1 1/2-1/2

[Event "European Rapid 2014"]
[Site "Wroclaw POL"]
[Date "2014.12.20"]
[Round "6.11"]
[White "Kosyrev, Vladimir"]
[Black "Moiseenko, Alexander"]
[Result "1/2-1/2"]
[WhiteTitle "GM"]
[BlackTitle "GM"]
[WhiteElo "2520"]
[BlackElo "2692"]
[WhiteFideId "4122259"]
[BlackFideId "14102560"]
[EventDate "2014.12.20"]

1. d4 Nf6 2. c4 e6 3. Nf3 d5 4. Nc3 Bb4 5. cxd5 exd5 6. Qa4+ Nc6 7. Bg5 h6 8.
Bxf6 Qxf6 9. e3 O-O 10. Be2 Be6 11. O-O a6 12. Qc2 Bd6 13. Na4 Rad8 14. Nc5 Bc8
15. Rfc1 Ne7 16. e4 Qg6 17. e5 Qxc2 18. Rxc2 Bxc5 19. Rxc5 c6 20. b4 Bg4 21. a4
f6 22. exf6 Rxf6 23. b5 axb5 24. axb5 Nf5 25. bxc6 bxc6 26. Bd3 Bxf3 27. Bxf5
Rxf5 28. gxf3 Rd6 29. Rac1 Rff6 30. R5c3 Kf7 31. Kg2 Kg6 32. Re1 Rde6 33. Rce3
Kf5 34. Kf1 Rg6 35. R1e2 Rgf6 36. Re1 g5 37. h3 h5 38. R1e2 Rg6 39. Kg2 Rxe3 40.
fxe3 g4 41. hxg4+ hxg4 42. Kg3 gxf3+ 43. Kxf3 Rh6 44. Rg2 Rh3+ 1/2-1/2

[Event "European Rapid 2014"]
[Site "Wroclaw POL"]
[Date "2014.12.20"]
[Round "6.12"]
[White "Czakon, Jakub"]
[Black "Inarkiev, Ernesto"]
[Result "1/2-1/2"]
[WhiteTitle "IM"]
[BlackTitle "GM"]
[WhiteElo "2479"]
[BlackElo "2680"]
[WhiteFideId "1120840"]
[BlackFideId "4162722"]
[EventDate "2014.12.20"]

1. f4 d5 2. Nf3 g6 3. g3 Bg7 4. Bg2 Nd7 5. O-O e5 6. fxe5 Nxe5 7. Nxe5 Bxe5 8.
c3 Ne7 9. d4 Bg7 10. e4 O-O 11. Nd2 Be6 12. exd5 Bxd5 13. Ne4 f5 14. Nc5 b6 15.
Nd3 Bxg2 16. Kxg2 Nd5 17. Qf3 Qd7 18. Bf4 Rae8 19. Rae1 c5 20. dxc5 bxc5 21.
Nxc5 Nxf4+ 22. gxf4 Qd2+ 23. Qf2 Qd5+ 24. Kg1 Qxa2 25. Rxe8 Rxe8 26. Re1 Rb8 27.
Re2 Qd5 28. Qe3 Rc8 29. Qe6+ Qxe6 30. Nxe6 Bf6 31. Kf2 Kf7 32. Kf3 h6 33. Nd4
Rc5 34. Ke3 g5 35. fxg5 hxg5 36. Kd3 a5 37. Nb3 Re5 38. Rxe5 Bxe5 39. h3 Bc7 40.
Nc5 Kg6 41. Ke2 Be5 42. Na4 Kf6 43. b4 axb4 44. cxb4 Bd4 45. Kd3 Ke5 46. b5 g4
47. hxg4 fxg4 48. Ke2 Kf4 49. b6 g3 50. b7 Ba7 51. Nc5 Kg4 52. Nd3 g2 53. Ne5+
Kf4 54. Nf3 Kg3 55. Ng1 Kg4 56. b8=Q Bxb8 57. Kf2 Ba7+ 58. Kxg2 Bxg1 59. Kxg1 1/2-1/2

[Event "European Rapid 2014"]
[Site "Wroclaw POL"]
[Date "2014.12.20"]
[Round "6.13"]
[White "Edouard, Romain"]
[Black "Bortnyk, Olexandr"]
[Result "0-1"]
[WhiteTitle "GM"]
[BlackTitle "IM"]
[WhiteElo "2659"]
[BlackElo "2533"]
[WhiteFideId "633429"]
[BlackFideId "14120828"]
[EventDate "2014.12.20"]

1. d4 d6 2. e4 Nf6 3. Nc3 Nbd7 4. Nf3 e5 5. Bc4 Be7 6. O-O O-O 7. a4 c6 8. a5
Nxe4 9. Nxe4 d5 10. a6 dxe4 11. axb7 Bxb7 12. Nxe5 c5 13. Qh5 Nxe5 14. dxe5 Qd4
15. Ra4 g6 16. Qh3 Qxe5 17. Bh6 Rfd8 18. Qb3 Bd5 19. Bxd5 Rxd5 20. Bf4 Qe6 21.
Rxa7 Rxa7 22. Qb8+ Kg7 23. Qxa7 Bf6 24. b3 Qg4 25. Be3 Qe2 26. h3 Qxc2 27. Qb7
Qd3 28. Qc6 Be7 29. Qb7 Bd6 30. Re1 Be5 31. Qa7 Qxb3 32. Bxc5 Qc3 0-1

[Event "European Rapid 2014"]
[Site "Wroclaw POL"]
[Date "2014.12.20"]
[Round "6.14"]
[White "Anton Guijarro, David"]
[Black "Kanep, Meelis"]
[Result "1-0"]
[WhiteTitle "GM"]
[BlackTitle "GM"]
[WhiteElo "2608"]
[BlackElo "2509"]
[WhiteFideId "2285525"]
[BlackFideId "4501047"]
[EventDate "2014.12.20"]

1. d4 Nf6 2. Nf3 g6 3. Bg5 Bg7 4. Nbd2 h6 5. Bh4 d6 6. c3 Nbd7 7. e3 g5 8. Bg3
Nh5 9. a4 Nxg3 10. hxg3 a5 11. Qc2 e6 12. Bb5 Qe7 13. Qb3 O-O 14. Bd3 d5 15. g4
c6 16. Nf1 e5 17. Bf5 exd4 18. Nxd4 c5 19. Nf3 d4 20. Rd1 Ne5 21. cxd4 Nxf3+ 22.
gxf3 Bxf5 23. gxf5 cxd4 24. Ng3 dxe3 25. fxe3 Qe5 26. Kf2 Rac8 27. Rd5 Qxb2+ 28.
Qxb2 Bxb2 29. Ne4 Rc2+ 30. Kg3 Kg7 31. Rxa5 f6 32. Nc5 Kh7 33. Ne6 Rf7 34. Ra8
Be5+ 35. f4 gxf4+ 36. exf4 Bd6 37. Rd1 Rc6 38. Kg4 Be7 1-0

[Event "European Rapid 2014"]
[Site "Wroclaw POL"]
[Date "2014.12.20"]
[Round "6.15"]
[White "Mastrovasilis, Dimitrios"]
[Black "Abergel, Thal"]
[Result "1/2-1/2"]
[WhiteTitle "GM"]
[BlackTitle "GM"]
[WhiteElo "2608"]
[BlackElo "2400"]
[WhiteFideId "4202694"]
[BlackFideId "614890"]
[EventDate "2014.12.20"]

1. e4 e5 2. Nf3 d6 3. d4 exd4 4. Qxd4 Nc6 5. Bb5 Bd7 6. Bxc6 Bxc6 7. Nc3 Nf6 8.
Bf4 Be7 9. O-O-O O-O 10. Rhe1 Nd7 11. Nd5 Bf6 12. Nxf6+ Qxf6 13. e5 dxe5 14.
Nxe5 Nxe5 15. Bxe5 Qg6 16. Qf4 f6 17. Bxc7 Qxg2 18. Bd6 Rf7 19. Qc4 Qg5+ 20. Kb1
Qb5 21. Qxb5 Bxb5 22. b3 Rd7 23. c4 Bc6 24. Bc5 Rxd1+ 25. Rxd1 a6 26. Re1 h5 27.
Kb2 h4 28. Kc3 Kf7 29. Re7+ Kg6 30. b4 Re8 31. Rxe8 Bxe8 32. Kd4 Kf5 33. Bf8 g5
34. Be7 h3 35. Kc5 Ke5 36. b5 Bf7 37. a4 g4 38. Kb4 f5 39. c5 axb5 40. axb5 Bd5
41. Kc3 Ke4 42. Kd2 Kf3 43. Ke1 f4 44. Bd6 Be4 45. Be5 Bd5 1/2-1/2

[Event "European Rapid 2014"]
[Site "Wroclaw POL"]
[Date "2014.12.20"]
[Round "6.16"]
[White "Ragger, Markus"]
[Black "Janaszak, Dawid"]
[Result "1-0"]
[WhiteTitle "GM"]
[BlackTitle "FM"]
[WhiteElo "2651"]
[BlackElo "2363"]
[WhiteFideId "1610856"]
[BlackFideId "1119206"]
[EventDate "2014.12.20"]

1. d4 Nf6 2. c4 e6 3. Nf3 b6 4. a3 Bb7 5. Nc3 d5 6. cxd5 Nxd5 7. e3 Be7 8. Bb5+
c6 9. Bd3 Nd7 10. O-O O-O 11. Qc2 h6 12. e4 Nxc3 13. bxc3 c5 14. Rd1 Rc8 15. Qe2
Qc7 16. Ne1 cxd4 17. cxd4 e5 18. d5 Nc5 19. Bb2 Bd6 20. Qg4 Qd7 21. Qg3 f5 22.
Qh3 Na4 23. Bc1 Nc3 24. Rd2 Qa4 25. exf5 Nxd5 26. Bc2 Qa5 27. Bb3 Rxc1 28. Rxc1
Qxd2 29. Rd1 Qa5 30. Qd3 Kh8 31. Bxd5 Bxd5 32. Qxd5 Bxa3 33. Qxa5 bxa5 34. g4
Bb2 35. Rd7 Bd4 36. Nf3 Rb8 37. Kg2 a4 38. Nxd4 exd4 39. Rxd4 a3 40. Ra4 Rb3 41.
Rxa7 Kg8 42. h4 Kf8 43. f3 Rb2+ 44. Kg3 Rb3 45. g5 hxg5 46. hxg5 Rb5 47. Kg4
Rb4+ 48. Kh5 Rb3 49. f4 Rc3 50. Kg6 Rc6+ 51. f6 gxf6 52. gxf6 Rc8 53. Rxa3 Kg8
54. Ra7 1-0

[Event "European Rapid 2014"]
[Site "Wroclaw POL"]
[Date "2014.12.20"]
[Round "6.17"]
[White "Socko, Bartosz"]
[Black "Sieciechowicz, Marcin"]
[Result "1/2-1/2"]
[WhiteTitle "GM"]
[BlackTitle "IM"]
[WhiteElo "2617"]
[BlackElo "2447"]
[WhiteFideId "1107038"]
[BlackFideId "1130170"]
[EventDate "2014.12.20"]

1. e4 e6 2. d4 d5 3. Nd2 Nf6 4. e5 Nfd7 5. Bd3 c5 6. c3 Nc6 7. Ne2 cxd4 8. cxd4
f6 9. Nf4 Nxd4 10. Qh5+ Ke7 11. Ng6+ hxg6 12. exf6+ Kxf6 13. Qxh8 Kf7 14. O-O
Nc5 15. Bb1 e5 16. b4 Nce6 17. Bb2 Qg5 18. Bxd4 Nxd4 19. f4 exf4 20. Bxg6+ Kxg6
21. Qxf8 Bh3 22. Qd6+ Ne6 23. Rf2 Rd8 24. Nf3 Rxd6 25. Nxg5 Nxg5 26. Rxf4 Bf5
27. Raf1 Rf6 28. h4 Ne6 29. R4f3 Be4 30. Rg3+ Kh6 31. Rxf6+ gxf6 32. Kf2 d4 33.
Rg8 f5 34. g4 fxg4 35. Rxg4 Bg6 36. Rg1 Kh5 37. Kf3 Bf5 38. a4 Kxh4 39. Rg8 d3
40. Ke3 Nc7 41. Kd2 Nd5 42. Rg7 Nb6 43. Rc7 Nxa4 44. Rxb7 Nb6 45. Rxa7 Nc4+ 46.
Kc3 d2 47. Ra1 Bg4 48. Kxc4 1/2-1/2

[Event "European Rapid 2014"]
[Site "Wroclaw POL"]
[Date "2014.12.20"]
[Round "6.18"]
[White "Brodowski, Piotr"]
[Black "Matlakov, Maxim"]
[Result "0-1"]
[BlackTitle "GM"]
[WhiteElo "2425"]
[BlackElo "2695"]
[WhiteFideId "1124480"]
[BlackFideId "4168003"]
[EventDate "2014.12.20"]

1. c4 e5 2. Nc3 Nf6 3. Nf3 Nc6 4. e3 Bb4 5. Qc2 Bxc3 6. dxc3 e4 7. Nd4 Ne5 8. b3
d6 9. Qd2 c5 10. Nb5 Ke7 11. h3 Bf5 12. Bb2 a6 13. Na3 h5 14. O-O-O h4 15. Be2
Qd7 16. Rhe1 Qe6 17. Nc2 Bg6 18. Ba3 Nd3+ 19. Bxd3 exd3 20. Nd4 Qe5 21. Nf3 Qe4
22. Ng5 Qxg2 23. e4 Kf8 24. Qf4 Nh5 25. Qxd6+ Kg8 26. Qxc5 Nf4 27. Rd2 Rh5 28.
Qe3 Qxg5 29. Bd6 Ne2+ 30. Rdxe2 dxe2 31. f4 Qg3 32. Rxe2 Re8 33. Qd4 Qxh3 34.
Kb2 Rxe4 0-1

[Event "European Rapid 2014"]
[Site "Wroclaw POL"]
[Date "2014.12.20"]
[Round "6.19"]
[White "Sadzikowski, Daniel"]
[Black "Bartel, Mateusz"]
[Result "0-1"]
[WhiteTitle "IM"]
[BlackTitle "GM"]
[WhiteElo "2492"]
[BlackElo "2664"]
[WhiteFideId "1132253"]
[BlackFideId "1112635"]
[EventDate "2014.12.20"]

1. d4 f5 2. g3 Nf6 3. Bg2 g6 4. Nf3 Bg7 5. O-O O-O 6. c4 d6 7. Nc3 c6 8. Qb3 Kh8
9. Rd1 Qe8 10. Qa3 Ne4 11. Be3 a5 12. Nxe4 fxe4 13. Nd2 d5 14. cxd5 cxd5 15.
Rac1 Nc6 16. Nb3 a4 17. Na1 Bg4 18. Rd2 Na5 19. h3 Be6 20. Qb4 Qd7 21. h4 Nc4
22. Rxc4 dxc4 23. d5 Bxd5 24. Bxe4 e6 25. Nc2 Qf7 26. Bg2 Rad8 27. Na3 Bxg2 28.
Rxd8 Rxd8 29. Kxg2 Qd7 30. Nxc4 Qd5+ 31. f3 Qd1 32. Kf2 Qh1 33. Qe7 Qh2+ 34. Ke1
Qxg3+ 35. Bf2 Qb8 36. Ba7 Re8 37. Bxb8 Rxe7 38. Kd2 b5 39. Ne5 Bf6 40. Bd6 Re8
41. h5 gxh5 42. b3 axb3 43. axb3 Bxe5 44. Bxe5+ Kg8 45. Ke3 Kf7 46. Kd4 Rd8+ 47.
Kc3 h4 0-1

[Event "European Rapid 2014"]
[Site "Wroclaw POL"]
[Date "2014.12.20"]
[Round "6.20"]
[White "Korobov, Anton"]
[Black "Konopka, Michal"]
[Result "1/2-1/2"]
[WhiteTitle "GM"]
[BlackTitle "IM"]
[WhiteElo "2693"]
[BlackElo "2418"]
[WhiteFideId "14105730"]
[BlackFideId "308633"]
[EventDate "2014.12.20"]

1. d4 d5 2. c4 e6 3. Nc3 Be7 4. cxd5 exd5 5. Bf4 c6 6. e3 Bd6 7. Bg3 Ne7 8. Nf3
O-O 9. Ne5 Bf5 10. Qb3 Qc7 11. Be2 Nd7 12. f4 f6 13. Nf3 Kh8 14. O-O Qb6 15. Bf2
Rfe8 16. h3 Qxb3 17. axb3 Bc2 18. Rfc1 Bg6 19. g4 a6 20. Kg2 Kg8 21. Bg3 Nc8 22.
Kf2 Bb4 23. f5 Bf7 24. Bd3 Bd6 25. Re1 Bxg3+ 26. Kxg3 Nd6 27. b4 Rad8 28. Nd2
Re7 29. Nb3 Rde8 30. Kf4 g5+ 31. Kf3 h5 32. Nc5 Kg7 33. Nxd7 Rxd7 34. Na4 Rde7
35. Nc5 Rh8 36. Rh1 Rhe8 37. Rae1 Rh8 38. Ke2 b6 39. Na4 b5 40. Nc5 Nc4 41. Bxc4
dxc4 42. Kd2 Ra7 43. Kc3 a5 44. bxa5 Rxa5 45. e4 Ra2 46. Ne6+ Bxe6 47. fxe6 b4+
48. Kxb4 Rxb2+ 49. Kc5 c3 50. Rc1 c2 51. gxh5 Rxh5 52. Kxc6 Rh4 53. Rce1 Kf8 54.
d5 Ke7 55. Kc5 g4 56. Ra1 Rxh3 57. Ra7+ Ke8 58. d6 Rb8 59. Rc1 Rc3+ 60. Kd4 Rc6
61. Kd5 Rc3 62. e5 fxe5 63. e7 Kf7 64. Ra2 Rd3+ 65. Kc6 Ke6 66. Kc7 Re8 67. Ra6
Rc3+ 68. Kb7 Rd3 69. Kc7 Rc3+ 70. Kb7 Rd3 1/2-1/2

[Event "European Rapid 2014"]
[Site "Wroclaw POL"]
[Date "2014.12.20"]
[Round "6.21"]
[White "Fedorchuk, Sergey A."]
[Black "Wieczorek, Oskar"]
[Result "1-0"]
[WhiteTitle "GM"]
[BlackTitle "IM"]
[WhiteElo "2669"]
[BlackElo "2425"]
[WhiteFideId "14102536"]
[BlackFideId "1133950"]
[EventDate "2014.12.20"]

1. e4 c5 2. Nf3 d6 3. d4 cxd4 4. Nxd4 Nf6 5. Nc3 Nc6 6. Bg5 Bd7 7. Be2 a6 8.
Bxf6 gxf6 9. O-O Rg8 10. Kh1 Qa5 11. Nd5 Rc8 12. c4 Nxd4 13. Qxd4 Bg7 14. b4 Qd8
15. Rad1 f5 16. Qe3 e6 17. exf5 Qh4 18. f4 Kf8 19. Nb6 Bc6 20. Bf3 Re8 21. Bxc6
bxc6 22. Rxd6 exf5 23. Nd7# 1-0

[Event "European Rapid 2014"]
[Site "Wroclaw POL"]
[Date "2014.12.20"]
[Round "6.22"]
[White "Licznerski, Lukasz"]
[Black "Volokitin, Andrei"]
[Result "0-1"]
[WhiteTitle "FM"]
[BlackTitle "GM"]
[WhiteElo "2318"]
[BlackElo "2626"]
[WhiteFideId "1179250"]
[BlackFideId "14107090"]
[EventDate "2014.12.20"]

1. e4 c5 2. Nf3 e6 3. d4 cxd4 4. Nxd4 a6 5. Bd3 Bc5 6. Nb3 Be7 7. Qg4 g6 8. Qe2
d6 9. O-O Nd7 10. N1d2 Ngf6 11. a4 O-O 12. Nc4 b6 13. Bf4 e5 14. Bh6 Re8 15. f4
exf4 16. Bxf4 d5 17. Nd6 Bxd6 18. Bxd6 dxe4 19. Bc4 Ne5 20. Rad1 Bg4 21. Bxe5
Bxe2 22. Rxd8 Bxf1 23. Rxa8 Bxc4 24. Rxe8+ Nxe8 25. Nd2 Bd5 26. Kf2 f5 27. c4
Bc6 28. b3 Kf7 29. g3 Nf6 30. h3 Nd7 31. Bd4 Nc5 32. Ke3 a5 33. Be5 Ne6 34. h4
h6 35. Nf1 g5 36. hxg5 hxg5 37. Bd6 Kg6 38. Bb8 Kh5 39. Ba7 f4+ 40. gxf4 gxf4+
41. Kf2 Nc5 42. Bxb6 Nxb3 43. Bc7 Kg4 0-1

[Event "European Rapid 2014"]
[Site "Wroclaw POL"]
[Date "2014.12.20"]
[Round "6.23"]
[White "Zawadzka, Jolanta"]
[Black "Gajewski, Grzegorz"]
[Result "0-1"]
[WhiteTitle "WGM"]
[BlackTitle "GM"]
[WhiteElo "2419"]
[BlackElo "2643"]
[WhiteFideId "1122320"]
[BlackFideId "1116207"]
[EventDate "2014.12.20"]

1. e4 c5 2. Nf3 e6 3. d4 cxd4 4. Nxd4 a6 5. Nc3 Qc7 6. Bd3 Nf6 7. Qe2 d6 8. O-O
Be7 9. Kh1 Nbd7 10. Bd2 O-O 11. b4 b6 12. a4 Bb7 13. f4 Rfe8 14. Nf3 e5 15. fxe5
dxe5 16. Nd5 Bxd5 17. exd5 e4 18. Bxe4 Nxe4 19. Qxe4 Bf6 20. Qf5 Bxa1 21. Rxa1
Rac8 22. Bf4 Qc3 23. Rf1 Nf6 24. Be5 Qxc2 25. Qg5 Qg6 26. Bxf6 Qxf6 27. Qd2 h6
28. Qd3 Qc3 29. Qf5 Qc2 30. Qf4 Qe4 31. Qd6 Qd3 32. Rg1 Rcd8 33. Qxb6 Rxd5 34.
h3 Re6 35. Qb8+ Rd8 36. Qb7 Qd7 37. Qxd7 Rxd7 38. Rb1 Re4 39. b5 Rxa4 40. b6 Rb7
41. Ne5 Ra5 42. Nc4 Rb5 43. Ra1 Rb4 0-1

[Event "European Rapid 2014"]
[Site "Wroclaw POL"]
[Date "2014.12.20"]
[Round "6.24"]
[White "Maier, Christian"]
[Black "Kovalev, Vladislav"]
[Result "0-1"]
[WhiteTitle "IM"]
[BlackTitle "GM"]
[WhiteElo "2379"]
[BlackElo "2539"]
[WhiteFideId "4601955"]
[BlackFideId "13504398"]
[EventDate "2014.12.20"]

1. e4 e5 2. Nf3 Nc6 3. Bc4 Nf6 4. d3 Bc5 5. Bb3 a6 6. Nbd2 O-O 7. h3 h6 8. g4 d5
9. g5 hxg5 10. Nxg5 Nd4 11. Rg1 Ne6 12. exd5 Nxg5 13. Rxg5 Nxd5 14. Ne4 f6 15.
Rg3 Be7 16. Bh6 Rf7 17. Qh5 Be6 18. Qg6 Bf8 19. Ng5 fxg5 20. Qxe6 c6 21. Bxg5
Qe8 22. Bxd5 cxd5 23. Qxd5 Kh8 24. Rg4 Rc8 25. O-O-O Rc5 26. Qe4 Rxf2 27. Rh4+
Kg8 28. c3 Rxc3+ 29. Kb1 Qb5 30. Rh8+ Kxh8 31. Qh4+ Kg8 32. Qxf2 Rxd3 33. Rf1
Qe8 34. h4 Rd7 35. Qc2 Qe6 36. Qe4 Rf7 37. Re1 Qf5 38. Re2 Bc5 39. Qxf5 Rxf5 40.
Kc2 Kf7 41. Kd3 Ke6 42. Ke4 Rf1 43. Bd2 Rg1 44. Bg5 Bd4 45. b3 Rg4+ 46. Kd3 Kd5
47. Kc2 b5 48. Bd8 Rf4 49. h5 Rg4 50. Rh2 Rg1 0-1

[Event "European Rapid 2014"]
[Site "Wroclaw POL"]
[Date "2014.12.20"]
[Round "6.25"]
[White "Bosiocic, Marin"]
[Black "Boe, Mads"]
[Result "1-0"]
[WhiteTitle "GM"]
[BlackTitle "FM"]
[WhiteElo "2555"]
[BlackElo "2351"]
[WhiteFideId "14507927"]
[BlackFideId "1401408"]
[EventDate "2014.12.20"]

1. e4 e5 2. Nf3 d6 3. d4 Nf6 4. Nc3 Nbd7 5. Rg1 c6 6. g4 Qc7 7. g5 Ng8 8. Be3 b5
9. Qd2 a6 10. O-O-O Bb7 11. Kb1 Rd8 12. h4 Ne7 13. h5 Nc8 14. Bh3 Ncb6 15. b3
Be7 16. Ne2 c5 17. d5 c4 18. Qa5 Nc5 19. Nc3 Nxd5 20. Qxc7 Nxc7 21. Bxc5 dxc5
22. bxc4 bxc4 23. Rxd8+ Bxd8 24. Nxe5 Nb5 25. Nxb5 axb5 26. Bd7+ Kf8 27. Bxb5
Ke7 28. Rd1 Bxe4 29. Re1 1-0